000 00438nab a22001097u 4500
008 130520b2010 xxu||||| |||| 00| 0 spa d
041 _aspa
100 1 _aAstorga, María Christina A.
_948819
245 0 0 _aLos derechos humanos desde una perspectiva asiática: El desafío de la diversidad y los límites de la universalidad
_cMaría Christina A. Astorga
773 0 _tConcilium
_gnº336,2010,págs. 115-128
_x0210-1041
_wRev134
942 _cAR
999 _c413640
_d413640